书目信息 |
| 题名: |
蛋白质纯化与鉴定实验指南
|
|
| 作者: | ;朱厚础 | |
| 分册: | ||
| 出版信息: | 北京 科学出版社 1999 |
|
| 页数: | 279 | |
| 开本: | 26cm | |
| 丛书名: | 现代生物技术译丛 | |
| 单 册: | ||
| 中图分类: | TQ93 | |
| 科图分类: | ||
| 主题词: | 蛋白质--化学加工--化学工业 | |
| 电子资源: | ||
| ISBN: | 7-03-007186-7 | |
| 000 | 00628nam0 2200205 450 | |
| 001 | 0741144344 | |
| 005 | 20070817112544.34 | |
| 010 | @a7-03-007186-7@b精装@d¥45.00 | |
| 100 | @a20070817d km y0chiy0120 ea | |
| 101 | 0 | @achi |
| 200 | 1 | @a蛋白质纯化与鉴定实验指南@Adan bai zhi chun hua yu jian ding shi yan zhi nan@g朱厚础等@Gzhu hou chu deng |
| 210 | @a北京@c科学出版社@d1999 | |
| 215 | @a279@d26cm | |
| 225 | 2 | @a现代生物技术译丛 |
| 410 | 0 | @12001 @a现代生物技术译丛 |
| 606 | 0 | @a蛋白质@x化学加工@x化学工业 |
| 690 | @aTQ93@v3 | |
| 702 | 0 | @a朱厚础@Azhu hou chu |
| 801 | 0 | @aCN@bPFT@c20070817 |
| 905 | @a213230@dTQ93@en1@f1 | |
| 蛋白质纯化与鉴定实验指南/朱厚础等.-北京:科学出版社,1999 |
| 279;26cm.-(现代生物技术译丛) |
| ISBN 7-03-007186-7(精装):¥45.00 |
| ● |
| 相关链接 |
|
|
|
|
正题名:蛋白质纯化与鉴定实验指南
索取号:TQ93/n1
 
预约/预借
| 序号 | 登录号 | 条形码 | 馆藏地/架位号 | 状态 | 备注 |
| 1 | 6600723 | 266007233 | 密集书库-生命科学系/ [索取号:TQ93/n1] | 在馆 |